Distribution par images - La Soif de l'or - Statistiques

Statistiques générales
  • Ce quiz a été pris 17 fois
  • Le résultat moyen est 3 sur 9
Statistiques - réponses
Par images Hint Réponse % Correct
Urbain Donnadieu Christian Clavier
100%
Zezette Tsila Chelton
69%
Jacques Philippe Khorsand
54%
Fleurette Catherine Jacob
38%
Jean-Louis Auger Pascal Greggory
31%
Muller Bernard Haller
15%
Laurence Auger Marine Delterme
15%
Réceptionniste Christophe Guybet
8%
Furteaux Patrick Le Lutherne
8%
Aucun quiz correspondant
Distribution des résultats
% des personnes avec chaque résultat
Percentile par nombre de réponses
Votre historique - résultats
Vous n’avez pas pris ce quiz